000
00432nam a2200145Ia 4500
008
100204s9999 xx 000 0 und d
082
_b
13788
100
_a
भारव्दाज मंदाकिनी
245
_a
भुरळ
260
_b
"दिपाली प्रकाशन , कल्याण , ठाणे"
_c
1983
300
_a
187
630
_a
भुरळ
730
_a
भुरळ
942
_c
BOOK
999
_c
458220
_d
458217